000 01068nam a22002657a 4500
001 8888
003 FISKH
005 20251030101542.0
008 251030b cb ||||| |||| 00| 0 eng d
040 _aFISKH
_bkhr
_cFISKH
_dFISKH
050 _aPZ7
082 _a895
100 _aAnonymous
245 _aឆ្កែ មាន់គក និង កញ្ជ្រោង /
_cBy Anonymous
260 _aPhnom Penh :
300 _a16 pages :
_bcolor illustrations ;
_c21 cm .
490 _aនិទានអប់រំគំនិត​
505 _aJ
521 8 _a500
_bLexile estimate
521 8 _aJ
_bRaz-Plus
650 _aឆ្កែ មាន់គក និង កញ្ញ្រោង ,​ កញ្រ្ជោងនិងពពែ , ឈើមួយកាច់ , អ្នកខ្វាលពពែនិងពពែព្រៃ
_vរឿងនិទានកុមារ
650 _aDog rooster and fox , Fox and goat , A bunch of stick , Shepherd and wild goat
_vChildren's Stories
942 _2ddc
_cKHB
_n0
999 _c8888
_d8888